Les 200 plus grandes villes de France en Pays de la Loire - Statistiques

Statistiques générales
  • Ce quiz a été pris 278 fois
  • Le résultat moyen est 8 sur 10
Statistiques - réponses
Ville
Population
(en milliers)
% Correct
6 Nantes 318
100%
18 Angers 155
97%
24 Le Mans 143
92%
72 Saint Nazaire 71
89%
107 La Roche sur Yon 55
87%
130 Laval 49
86%
113 Cholet 54
77%
157 Les Sables d'Olonne 45
60%
140 Saint Herblain 47
53%
171 Rezé 42
50%
Aucun quiz correspondant
Distribution des résultats
% des personnes avec chaque résultat
Percentile par nombre de réponses
Votre historique - résultats
Vous n’avez pas pris ce quiz